000 01177nam a2200301 a 4500
100 _aВерн, Жул
_eпърви автор
_9263632
999 _c164032
_d164032
003 BLK
005 20231220005222.0
008 180410b bul|||||r ||||||| ||bul||
010 _aKNG00171520000
040 _aBLK
041 _aBUL
_cBUL
080 _aФренска литература
_b821.133.1
_x-93-31
_z821.133.1-93-31
139 _aВерн, Жул
_bВ 50
245 1 0 _aПетстотинте милиона на Бегюм
_bРомани
_cЖул Верн; прев. от фр. Мария Далчева; съавт. Пенка Пройкова.
245 1 0 _aРобюр покорителя
257 _aFRA
260 _aСофия
_bНар. младеж
_c1974
300 _a271 с.
_c23 см
380 _aDX
500 _aОриг. загл. Les 500 millions de la Begun. Robur le conquerant.
700 1 _aДалчева, Мария
_eпрев. от фр.
_9376209
700 1 _aПройкова, Пенка
_eсъавт.
_9368596
852 _aЦб 71911
_bЦб
942 _cKNG
_n0
_s1
944 _aCR
_c17.02.2015
_k
_lCRON CRON
944 _aED
_c2022-08-19
_kСТ